Cambridge History of Islam (Record no. 3043)

MARC details
000 -LEADER
fixed length control field 00684nam a2200229 a 4500
020 ## - INTERNATIONAL STANDARD BOOK NUMBER
ISBN
082 00 - DEWEY DECIMAL CLASSIFICATION NUMBER
Classification number 297.09
Author Cutter HOL
100 ## - MAIN ENTRY--AUTHOR NAME
Author name Holt, P M
245 ## - TITLE STATEMENT
Title Cambridge History of Islam
Sub title Central Islamic Lands
260 ## - PUBLICATION, DISTRIBUTION, ETC. (IMPRINT)
Place of publication Cambridge
Name of publisher Cambridge University Press
Year of publication 1970
300 ## - PHYSICAL DESCRIPTION
Number of Pages 966p.
500 ## - GENERAL NOTE
General note includes index and biblioraphy
505 2# - FORMATTED CONTENTS NOTE
Formatted contents note vol.2, further islamic lands, islamic society and civilization.
505 2# - FORMATTED CONTENTS NOTE
Formatted contents note vol.2, further islamic lands, islamic society and civilization.00
942 ## - ADDED ENTRY ELEMENTS (KOHA)
Koha item type Books
Holdings
Collection code Home library Current library Shelving location Date acquired Cost, normal purchase price Full call number Accession Number Koha item type
Reference Henry Martyn Institute Library Henry Martyn Institute Library Reference 09/04/2018 9.40 297.09 HOL 07537 Books
Reference Henry Martyn Institute Library Henry Martyn Institute Library Reference 09/04/2018 100.00 297.09 HOL 07538 Books
                   Copyright © 2026 | Henry Martyn Institute | Hyderabad | TS-500052 | INDIA | Implemented by hmi.edu.in
Hit-Count:

Powered by Koha